Detalles MARC
| 000 -LEADER |
| fixed length control field |
01788nam a22004217a 4500 |
| 005 - DATE AND TIME OF LATEST TRANSACTION |
| control field |
20260410102921.0 |
| 007 - PHYSICAL DESCRIPTION FIXED FIELD--GENERAL INFORMATION |
| fixed length control field |
ta |
| 008 - FIXED-LENGTH DATA ELEMENTS--GENERAL INFORMATION |
| fixed length control field |
260410b |||||||| |2023| 0 spa d |
| 020 ## - INTERNATIONAL STANDARD BOOK NUMBER |
| International Standard Book Number |
9786124580987 |
| 040 ## - FUENTE DE CATALOGACION |
| Original cataloging agency |
pelieoe |
| Idioma de catalogación |
spa |
| Transcribing agency |
pelieoe |
| Description conventions |
rda |
| 043 ## - CODIGO DE AREA GEOGRAFICA |
| Geographic area code |
pe |
| 050 ## - LIBRARY OF CONGRESS CALL NUMBER |
| Classification number |
JL 966 |
| Item number |
P 2023 |
| 245 00 - TITLE STATEMENT |
| Title |
Populismo : |
| Remainder of title |
una ola autoritaria amenaza hispanomérica / |
| Statement of responsibility, etc. |
Diego Salazar (Coord.) |
| 250 ## - EDITION STATEMENT |
| Edition statement |
Primera edición |
| 264 ## - PRODUCCION, PUBLICACION, DISTRIBUCION, MANUFACTURA Y NOTA DE COPYRIGHT |
| Lugar de producción, publicación, distribución, manufactura |
Lima : |
| Nombre del productor, editor, distribuidor |
Ariel ; |
| Fecha of producción, publicación, distribución |
2023 |
| 300 ## - PHYSICAL DESCRIPTION |
| Extent |
262 páginas |
| 336 ## - TIPO DE CONTENIDO |
| Término de tipo de contenido |
texto |
| Código de tipo de contenido |
txt |
| 337 ## - TIPO DE MEDIO |
| Nombre de tipo de medio |
sin mediación |
| Código de tipo de medio |
n |
| 338 ## - CARRIER TYPE |
| Source |
volumen |
| Carrier type term |
rdacarrier |
| 504 ## - Nota de bibliografía |
| Bibliography, etc. note |
Incluye referencias bibliográficas |
| 505 0# - FORMATTED CONTENTS NOTE |
| Statement of responsibility |
Yanina Welp. |
| Title |
tArgentina y la contención populista / |
| 505 0# - FORMATTED CONTENTS NOTE |
| Statement of responsibility |
María teresa Zegada Claure. -- |
| Title |
Populismo y plurinacionalidad en Bolivia / |
| 505 0# - FORMATTED CONTENTS NOTE |
| Statement of responsibility |
Daniel Matamala. - |
| Title |
La excepcionalidad chilena / |
| 505 ## - FORMATTED CONTENTS NOTE |
| Statement of responsibility |
Carlos Granés. -- |
| Title |
Patria, pueblo, Cristo y Bolivar [...] / |
| 505 ## - FORMATTED CONTENTS NOTE |
| Statement of responsibility |
Carlos Manuel Álvarez. -- |
| Title |
La realidad entera [...] / |
| 505 ## - FORMATTED CONTENTS NOTE |
| Statement of responsibility |
Isabela Ponce Ycaza -- |
| Title |
Petróleo, prosperidad y populismo una fórmula ecuatoriana / |
| 505 ## - FORMATTED CONTENTS NOTE |
| Statement of responsibility |
Carlos Dada. -- |
| Title |
La dictadura milenial de Nayib Bukele / |
| 505 ## - FORMATTED CONTENTS NOTE |
| Title |
La década de los tres populismo en España / |
| Uniform Resource Identifier |
<a href="Ramón González Férriz. --">Ramón González Férriz. --</a> |
| 505 ## - FORMATTED CONTENTS NOTE |
| Statement of responsibility |
Ricardo Raphael. -- |
| Title |
Radicalismo popular a la mexicana / |
| 505 ## - FORMATTED CONTENTS NOTE |
| Statement of responsibility |
Alberto Vergara. -- |
| Title |
El populismo intrascendente: el extraño caso de Pedro Castillo / |
| 505 ## - FORMATTED CONTENTS NOTE |
| Statement of responsibility |
Catalina Lobo-Guerrero |
| Title |
Alberto Vergara. --$tYo soy Chávez [...] / |
| 541 ## - IMMEDIATE SOURCE OF ACQUISITION NOTE |
| Materials specified |
Libro |
| 653 ## - INDEX TERM--UNCONTROLLED |
| Uncontrolled term |
Populismo -- Ensayos, conferencias |
| 653 ## - INDEX TERM--UNCONTROLLED |
| Uncontrolled term |
Populismo -- España |
| 653 ## - INDEX TERM--UNCONTROLLED |
| Uncontrolled term |
Populismo -- América Latina |
| 700 1# - ADDED ENTRY--PERSONAL NAME |
| Nombre de persona |
Salazar, Diego |
| 9 (RLIN) |
16760 |
| Relator term |
coord. |
| 942 ## - ADDED ENTRY ELEMENTS (KOHA) |
| Source of classification or shelving scheme |
Library of Congress Classification |
| Koha item type |
Libros |
| Edition |
2023 |
| Classification part |
JL |
| Call number prefix |
966 |
| Call number suffix |
P |